| 000 | 00626nam a2200133 a 4500 | ||
|---|---|---|---|
| 008 | 940722s1952 pauac 000 0 eng d | ||
| 100 | _aNational Philatelic Museum | ||
| 245 | 0 | 0 |
_aFederal Republic of Germany _borganized jointly by the government of the Federal Republic of Germany and the National Philatelic Museum : November 15-December 15, 1952, National Philatelic Museum. |
| 260 |
_aPhiladelphia, Pa. : _bNational Philatelic Museum, _c[1952] |
||
| 490 | 0 |
_aNational Philatelic Museum ; _vv. 4, no. 3 |
|
| 500 | _aCover title: Federal Republic of Germany. | ||
| 650 | 0 |
_aPostage stamps _zGermany |
|
| 999 |
_c2119 _d2119 |
||